| 000 | 00547cam a2200181 a 4500 | ||
|---|---|---|---|
| 020 | _a9780534608675 | ||
| 040 |
_aDLC _cDLC _dDLC |
||
| 082 | 0 | 0 |
_a153 _222 |
| 100 | 1 | _aReed, Stephen K. | |
| 245 | 1 | 0 |
_aCognition : theory and applications _cStephen K. Reed. |
| 250 | _a6th ed. | ||
| 260 |
_aAustralia ; Belmont, CA : _bWadsworth/Thomson _cc2004. |
||
| 300 |
_axiv, 418 p. : _bill. ; _c24 cm. |
||
| 504 | _aIncludes bibliographical references (p. 381-409) and indexes. | ||
| 650 | 0 | _aCognition. | |
| 650 | 0 | _aCognitive psychology. | |
| 942 |
_2ddc _cBK |
||
| 999 |
_c11451 _d11451 |
||